Prima Lettera delle Città Statunitensi - Statistics

Statistiche generali
  • Questo quiz è stato fatto 84 volte
  • Il punteggio medio è 20 su 22
Statistiche sulle risposte
Hint Risposta % Corretto
_an Antonio S
100%
_hicago C
99%
_allas D
99%
_ndianapolis I
99%
_os Angeles L
99%
_ew York N
99%
_klahoma City O
99%
_hiladelphia P
99%
_irginia Beach V
99%
_ashington W
99%
_oston B
97%
_l Paso E
96%
_acksonville J
96%
_ansas City K
95%
_emphis M
95%
_ouston H
93%
_reensboro G
92%
_ustin A
89%
_ucson T
86%
_resno F
74%
_onkers Y
74%
_aleigh R
66%
Nessun quiz corrispondente trovato
Distribuzione punteggi
Percentuale di utenti per punteggio
Percentile per numero di risposta
I tuoi punteggi nel tempo
Non hai fatto questo quiz